00738 a2200229 4500010001400000020002600014035001300040037001600053082001100069090001500080100002100095245007200116250001200188260004500200300003200245500002100277650001500298700001900313942002600332999001500358952013500373 aENG-88612 a9788120333680c395.00 aEN-72145 bDBAD / PUB00a551.48 c8998d89981 aViessman, Warren10aIntroduction to hydrology /cby Warren Viessman [and] Gary L. Lewis a5th ed. aNew DelhibPrentice-Hall of Indiac2008 axii, 612 p. :c25 cm ( Pbk) aIncludes index 0aHydrology.1 aLewis, Gary L. adplcENk551.48 / VIE c8836d8836 00102ddc40718NFICaDBADbDBADeDBAD/PUBg395.00l0o551.48 VIEpEN-72145r2008-09-15 00:00:00t1u9783v395.00w2008-09-15yEN